Obálka Náhled e-knihy:
PDF Epub
Pro půjčování e-knih musíte být přihlášeni.
Jak si půjčit online?

Landovel. Kniha první, Ochutnavač jedu /

Úvodní díl čtivé fantasy trilogie o chlapci, který teprve musí poznat svou vlastní minulost.

Uloženo v:
Série:Landovel, část 1
Hlavní autor: Rodda, Emily, 1948- (Autor)
Další autoři: Kozák, Jan, 1970- (Autor)
Médium: E-kniha
Jazyk:Czech
Vydáno: V Praze : Fragment, 2025
Vydání:1. vydání
Témata:
Příbuzné jednotky:Z cyklu:: Landovel
Tagy:
Žádné tagy
LEADER 02795nam a2200541 i 4500
001 312817
003 CZ PrSKC
005 20260601215729.0
007 ta
008 250828s2025 xr c 000 f cze
015 |a cnb003706286 
020 |a 9788025374139  |q (vázáno) :  |c Kč 399,00 
035 |a (OCoLC)1544835309 
040 |a ABG001  |b cze  |e rda 
041 1 |a cze  |h eng 
072 7 |a 821.111-3  |x Anglická próza, anglicky psaná  |2 Konspekt 
072 7 |a 821-93  |x Literatura pro děti a mládež (beletrie)  |2 Konspekt 
080 |a 821.111(94)-31  |2 MRF 
080 |a 821-93  |2 MRF 
080 |a (0:82-312.9)  |2 MRF 
100 1 |a Rodda, Emily,  |d 1948-  |7 jo2004213847  |4 aut 
240 1 0 |a Poison taster.  |l Česky 
245 1 0 |a Landovel.  |n Kniha první,  |p Ochutnavač jedu /  |c Emily Rodda ; přeložil Jan Kozák 
246 3 0 |a Ochutnavač jedu 
250 |a 1. vydání 
264 1 |a V Praze :  |b Fragment,  |c 2025 
300 |a 287 stran ;  |c 21 cm 
336 |a text  |b txt  |2 rdacontent 
337 |a bez média  |b n  |2 rdamedia 
338 |a svazek  |b nc  |2 rdacarrier 
500 |a Přeloženo z angličtiny 
520 2 |a Úvodní díl čtivé fantasy trilogie o chlapci, který teprve musí poznat svou vlastní minulost.  |b Derry nikdy nepoznal nic jiného než život zajatce na pirátském útočišti jménem Cramova skála. Ostatní mladí vězni se mu vyhýbají, protože je Cramův ochutnávač jedů - a navíc umí číst, což je dovednost považovaná za nebezpečnou. Vše se změní, když na ostrov dorazí cestovatelka na útěku před zlověstnými katy z ostrova El. Než zmizí, předá Derrymu kouzelný zápisník plný tajemství, který by mohl odpovědět na mnoho otázek. Kdo Derry je? Odkud pochází? A proč by někdo riskoval život, aby mu to pomohl zjistit? Nakladatelská anotace. 
521 8 |a Pro čtenáře od 10 let 
546 |a Český text 
655 7 |a australské romány  |7 fd131842  |2 czenas 
655 7 |a fantasy romány  |7 fd184199  |2 czenas 
655 7 |a publikace pro děti  |7 fd133156  |2 czenas 
655 9 |a Australian fiction  |2 eczenas 
655 9 |a fantasy novels  |2 eczenas 
655 9 |a children's literature  |2 eczenas 
700 1 |a Kozák, Jan,  |d 1970-  |7 mzk2003187830  |4 trl 
787 0 8 |i Z cyklu:  |t Landovel  |g 1 
900 |a ABA001  |b 20 
928 9 |a Albatros Media - Fragment 
044 |a xr 
910 |a RBIT002 
998 |d 422476  |a https://core.palmknihy.cz/api/books/422476/cover?t2rnwq  |b https://core.palmknihy.cz/api/books/422476/cover/400?t2rnwq  |c https://core.palmknihy.cz/api/books/422476/cover/50?t2rnwq  |e 2031-03-20  |g 288  |i 9788025374139  |j https://core.palmknihy.cz/api/books/422476/preview.epub  |k https://core.palmknihy.cz/api/books/422476/preview.pdf  |l   |q 49  |r 1  |s https://www.palmknihy.cz/kniha/422476  |t ebook  |y 2025  |z 0  |v Landovel  |w 1 
999 |d 312815